[Event "Orlova WGM"]
[Site "Orlova CZE"]
[Date "2011.05.25"]
[Round "5.3"]
[White "Doluhanova,E"]
[Black "Szczepkowska Horowska,K"]
[Result "0-1"]
[WhiteElo "2225"]
[BlackElo "2336"]

1.e4 g6 2.d4 Bg7 3.Nc3 d6 4.f4 a6 5.Nf3 b5 6.Be3 Bb7 7.Bd3 Nd7 8.O-O e6 9.a4 b4
10.Ne2 Ne7 11.c3 bxc3 12.bxc3 a5 13.Rb1 Ba6 14.Bxa6 Rxa6 15.Qd3 Ra8 16.Rb5 d5
17.exd5 exd5 18.f5 Nxf5 19.Rxd5 c6 20.Rxf5 gxf5 21.Ng3 O-O 22.Qxf5 Nf6 23.Ne5 Nd5
24.Bd2 Ne7 25.Qg4 Qc8 26.Rf5 Kh8 27.h3 f6 28.Nd3 Nxf5 29.Nxf5 Ra7 30.Nf4 Qe8
31.Nh5 Rg8 32.Qf3 Qe6 33.Nhxg7 Raxg7 34.Nxg7 Rxg7 35.Bf4 Re7 36.Bg3 Qe3+
37.Qf2 Kg7 38.Bh4 Qxf2+ 39.Kxf2 Kg6 40.Bg3 Kf5 41.Kf3 Rb7 42.Ke3 Ke6 43.Kd3 Rg7
44.Bb8 Rxg2 45.Bc7 Ra2 46.Bxa5 Rxa4 47.Bc7 Kd5 48.Bd8 f5 49.Bg5 c5 50.dxc5 Kxc5
51.Ke3 Kd5 52.Bf6 f4+ 53.Kf3 Ke6 54.Bd4 Kf5 55.Bf2 Ra2 56.c4 Ra3+ 57.Kg2 Ke4
58.c5 Rc3 59.Bg1 Rg3+ 60.Kh2 Rg6  0-1

[Event "Orlova Open"]
[Site "Orlova CZE"]
[Date "2011.05.25"]
[Round "5.7"]
[White "Gazik,I"]
[Black "Karhanek,P"]
[Result "1-0"]
[WhiteElo "2313"]
[BlackElo "2118"]

1.e4 g6 2.d4 Bg7 3.Nc3 d6 4.Be3 a6 5.Qd2 h6 6.O-O-O Nd7 7.Kb1 b5 8.Bd3 Bb7
9.f4 c5 10.e5 cxd4 11.Bxd4 dxe5 12.fxe5 Nxe5 13.Qe2 Qc7 14.Be4 Bxe4 15.Qxe4 Rd8
16.Nf3 f5 17.Qe2 Rxd4 18.Nxd4 Kf7 19.Rhe1 Qc4 20.Nf3 Qxe2 21.Nxe2 Nc4 22.Ned4 Bxd4
23.Nxd4 Nf6 24.Nc6 Ne4 25.Rd7 Kf6 26.Ra7 e5 27.Nb4 a5 28.Nd5+ Kg5 29.Ne3 Nxe3
30.Rxe3 Rd8 31.Rd3 Rxd3 32.cxd3 Nf2 33.Kc2 Ng4 34.Rxa5 Ne3+ 35.Kd2 Nxg2 36.Rxb5 f4
37.Rxe5+ Kg4 38.Ke2 Kh3 39.Kf3 g5 40.a4 Nh4+ 41.Ke4 Kxh2 42.a5 f3 43.Re6 g4
44.Rxh6 Kg3 45.Rf6 Kh2 46.Rf4 Kh3 47.a6 g3 48.Rxh4+ Kxh4 49.Kxf3  1-0

[Event "Zonal 3.3"]
[Site "Tagaytay City PHI"]
[Date "2011.05.25"]
[Round "3"]
[White "Paulo,B"]
[Black "Segarra,R"]
[Result "1/2-1/2"]
[WhiteElo "2098"]
[BlackElo "2311"]

1.e4 g6 2.Nc3 Bg7 3.d4 d6 4.h3 a6 5.a4 b6 6.Nf3 Bb7 7.Be3 e6 8.Be2 Nd7 9.O-O Ne7
10.Qd2 h6 11.Rad1 d5 12.exd5 exd5 13.Bf4 g5 14.Bh2 O-O 15.Rfe1 f5 16.Ne5 Nxe5
17.Bxe5 Bxe5 18.dxe5 Qe8 19.Bf3 Rd8 20.e6 Qg6 21.g3 Rd6 22.Qe2 g4 23.hxg4 f4
24.Bg2 Rf6 25.Qf3 fxg3 26.Qxg3 Rfxe6 27.Rxe6 Qxe6 28.f4 Bc6 29.Re1 Qf6 30.f5 d4
31.Ne4 Bxe4 32.Rxe4 Kf8 33.Re2 a5 34.b3 Qg5 35.Qe5 Qf6 36.Qg3 Qg5 37.Qe5 Qf6
38.Qg3  1/2-1/2

[Event "XXX Zalakaros Open"]
[Site "Zalakaros HUN"]
[Date "2011.05.25"]
[Round "6"]
[White "Horvath,Ad1"]
[Black "Ianov,V"]
[Result "1-0"]
[WhiteElo "2502"]
[BlackElo "2301"]

1.e4 d6 2.d4 g6 3.Nc3 Bg7 4.h4 Nf6 5.f3 c6 6.Be3 Nbd7 7.Qd2 Qa5 8.g4 h5 9.g5 Ng8
10.O-O-O e6 11.Kb1 d5 12.Bf4 dxe4 13.fxe4 Ne7 14.Bd6 Qd8 15.e5 Nf5 16.Ne4 b6
17.Bh3 Bb7 18.Ba3 Bf8 19.Bxf5 exf5 20.Nd6+ Bxd6 21.Bxd6 b5 22.Nh3 Nb6 23.Nf4 Nd5
24.Rh3 Nxf4 25.Qxf4 Qd7 26.Rc3 Rc8 27.Rc5 Qe6 28.Qd2 f6 29.gxf6 Rh7 30.Qg2 Kf7
31.Rg1  1-0

[Event "TCh-FRA Top 12 2011"]
[Site "Mulhouse FRA"]
[Date "2011.05.26"]
[Round "1.4"]
[White "Genzling,A"]
[Black "Tkachiev,V"]
[Result "0-1"]
[WhiteElo "2395"]
[BlackElo "2626"]

1.e4 d6 2.d4 g6 3.Nc3 Bg7 4.f4 Nf6 5.Nf3 O-O 6.a3 b6 7.Bd3 Bb7 8.Qe2 c5 9.d5 e6
10.dxe6 fxe6 11.Ng5 Re8 12.O-O Nc6 13.Nb5 a6 14.Nxd6 Nd4 15.Qf2 Qxd6 16.e5 Qc7
17.exf6 Bxf6 18.c3 Bxg5 19.cxd4 Bf6 20.dxc5 Rad8 21.Be2 bxc5 22.Kh1 Rd6 23.Be3 Bxb2
24.Bxc5 Bxa1 25.Bxd6 Qxd6 26.Rxa1 Rf8 27.Bc4 Bc8 28.Re1 Rxf4 29.Qe2 Kg7 30.h3 e5
31.Ba2 Rf5 32.Qc4 Bb7 33.Rb1 Qe7 34.Qb3 Be4 35.Re1 Bc6 36.Qc3 Qf6 37.Qe3 Rf2
38.Qa7+ Kh6 39.Qe3+ Qf4 40.Qxf4+ exf4  0-1

[Event "ch-UZB Major"]
[Site "Tashkent UZB"]
[Date "2011.05.26"]
[Round "6"]
[White "Dzhumaev,M"]
[Black "Rustamov,Al"]
[Result "1-0"]
[WhiteElo "2489"]
[BlackElo "2224"]

1.e4 g6 2.d4 Bg7 3.Nc3 d6 4.f4 Nc6 5.Be3 Nf6 6.Nf3 O-O 7.Be2 e5 8.fxe5 dxe5
9.d5 Ne7 10.h3 Nh5 11.Bc4 Kh8 12.Qd2 Ng3 13.Rg1 f5 14.Ng5 h6 15.Bf2 Nxe4
16.Ngxe4 fxe4 17.g4 Rf3 18.O-O-O Qf8 19.Be3 Rxh3 20.Rdf1 Rf3 21.Qg2 Ng8 22.Nxe4 Rxf1+
23.Rxf1 Qb4 24.Bd3 Bd7 25.a3 Qa5 26.Nc5 e4 27.Qxe4 Rf8 28.Rh1 Be8 29.g5 Qb6
30.b4 Qd6 31.Ne6 Rf5 32.Nxg7  1-0

[Event "3rd Kahraman Olgac Memorial"]
[Site "Izmir TUR"]
[Date "2011.05.27"]
[Round "7.1.2"]
[White "Kanmazalp,O"]
[Black "Movsziszian,K"]
[Result "0-1"]
[WhiteElo "2404"]
[BlackElo "2508"]

1.e4 g6 2.d4 Bg7 3.Nc3 d6 4.Bg5 a6 5.f4 Nc6 6.d5 Nd4 7.Qd2 c5 8.Nd1 Nf6 9.Nf2 O-O
10.c3 Nb5 11.Nf3 Nc7 12.Bd3 b5 13.O-O Bb7 14.f5 gxf5 15.Bh6 e5 16.Bg5 Kh8
17.Nh4 Bc8 18.a4 c4 19.Bc2 f4 20.Nf5 Bxf5 21.exf5 Ncxd5 22.Be4 Ne3 23.Bxf6 Bxf6
24.Bxa8 Qxa8 25.Nd1 Nxf1 26.Qxd6 Qd8 27.Qxd8 Rxd8 28.Kxf1 Rd2 29.axb5 axb5
30.Nf2 Rxb2 31.Ne4 Kg7 32.Ra6 Bd8 33.Rd6 Bc7 34.Rc6 Bb8 35.h4 h5 36.Nf6 Ba7
37.Nxh5+ Kf8 38.Rc8+ Ke7 39.Rc7+ Kd8 40.Rxa7 b4 41.Ra4 b3 42.Kg1 Rc2 43.Rb4 b2
44.Kh2 f3 45.Nf6 f2  0-1

[Event "29th Liechtenstein Open"]
[Site "Triesen LIE"]
[Date "2011.05.28"]
[Round "2.4"]
[White "Kessler,L"]
[Black "Likavsky,T"]
[Result "0-1"]
[WhiteElo "2152"]
[BlackElo "2484"]

1.e4 g6 2.d4 Bg7 3.Nc3 d6 4.h3 Nd7 5.Be3 a6 6.a4 b6 7.g4 Bb7 8.Bg2 h5 9.g5 e6
10.Nge2 Ne7 11.O-O d5 12.exd5 exd5 13.h4 Nf5 14.Bxd5 Bxd5 15.Nxd5 Nxh4 16.Ng3 Nf8
17.Nf4 Ne6 18.Nxe6 fxe6 19.c4 O-O 20.f4 Qd7 21.Qd3 e5  0-1

[Event "XXX Zalakaros Open"]
[Site "Zalakaros HUN"]
[Date "2011.05.28"]
[Round "9"]
[White "Szajbely,Z"]
[Black "Istvanovszki,M"]
[Result "0-1"]
[WhiteElo "2098"]
[BlackElo "2297"]

1.e4 g6 2.d4 Bg7 3.Nc3 d6 4.Be3 a6 5.Qd2 b5 6.a4 b4 7.Nd1 a5 8.c3 bxc3 9.bxc3 Nd7
10.Nf3 Ngf6 11.e5 Ng4 12.Bc4 Nb6 13.Bb5+ Bd7 14.exd6 cxd6 15.c4 O-O 16.O-O Qc8
17.Nb2 Bc6 18.Rfc1 Bxf3 19.gxf3 Nxe3 20.fxe3 Qf5 21.Bc6 Rac8 22.Be4 Qh5 23.Qf2 d5
24.cxd5 Rxc1+ 25.Rxc1 Bxd4 26.Re1 Bc3 27.Rc1 Qg5+ 28.Kf1 Bxb2 29.Qxb2 Qxe3
30.Re1 Nxa4 31.Qe5 Qc5 32.Bd3 Nb6 33.Be4 e6 34.Rd1 Nxd5 35.Bxd5 Rd8 36.Qf4 Rxd5
37.Rc1 Qd6 38.Qa4 Kg7 39.Kg2 Rd2+ 40.Kf1 Qd3+  0-1

[Event "e2e4 Sunningdale Open"]
[Site "Ascot ENG"]
[Date "2011.05.29"]
[Round "5"]
[White "Arnott,J"]
[Black "Pleasants,A"]
[Result "1-0"]
[WhiteElo "2177"]
[BlackElo "2066"]

1.e4 g6 2.d4 Bg7 3.Nc3 d6 4.Nf3 a6 5.a4 c6 6.Be3 Bg4 7.Be2 d5 8.O-O e6 9.Ra3 Nd7
10.exd5 cxd5 11.Rb3 Qc7 12.Qc1 Ne7 13.Bf4 Qc6 14.Nb5 Bxf3 15.Nd6+ Kf8 16.Bxf3 Bxd4
17.Bh6+ Bg7 18.Qf4 Nf5 19.Nxf5 gxf5 20.Bxg7+ Kxg7 21.Rc3 Qb6 22.Qg5+ Kf8
23.Qh6+ Ke7 24.Re1 Nf6 25.Qf4 Rac8 26.Rb3 Qc7 27.Qxf5 Ne4 28.Qh5 Nf6 29.Qh4 Qxc2
30.Rxb7+ Rc7 31.Qb4+ Kd7 32.Rxc7+ Qxc7 33.Qd4 Ke7 34.Qb4+ Qd6 35.Qb7+ Kf8
36.Rc1 Kg7 37.Rc7 Rf8 38.g3 h5 39.h4 d4 40.Rc6 Qe5 41.Qxa6 Rb8 42.Rc2 Rb3
43.Qc6 d3 44.Rc5 Qe1+ 45.Kg2 Rxb2 46.Rg5+ Kh6 47.Qc5 Qb4 48.Qe3 Qd2 49.Rxh5+ Kg7
50.Rg5+ Kh8 51.Qd4 e5 52.Qd8+ Kh7 53.Be4+ Nxe4 54.Qg8+ Kh6 55.Qg7+  1-0

[Event "IV Sudety Open"]
[Site "Szklarska Poreba POL"]
[Date "2011.05.29"]
[Round "1"]
[White "Zeberski,J"]
[Black "Adaszewski,P"]
[Result "1-0"]
[WhiteElo "2395"]
[BlackElo "1706"]

1.e4 g6 2.d4 Bg7 3.Nc3 d6 4.f4 Nf6 5.Nf3 O-O 6.Bd3 c6 7.O-O b5 8.e5 dxe5
9.fxe5 Nd5 10.Nxd5 Qxd5 11.Qe2 Bg4 12.c3 e6 13.Bg5 Qd7 14.h3 Bf5 15.Bxf5 exf5
16.Qf2 Na6 17.a4 Nc7 18.Qh4 Rfe8 19.b3 a6 20.Bh6 Bh8 21.g4 Nd5 22.gxf5 Nxc3
23.axb5 cxb5 24.Rae1 Ra7 25.e6 Qd8 26.fxg6 fxg6 27.Qxd8 Rxd8 28.e7 Re8 29.Ng5 Bxd4+
30.Kg2 Bg7 31.Bxg7 Kxg7 32.Ne6+ Kh6 33.Rf4 g5 34.Rf6+ Kh5 35.Ng7+  1-0

[Event "e2e4 Sunningdale Open"]
[Site "Ascot ENG"]
[Date "2011.05.30"]
[Round "6"]
[White "Lexton,M"]
[Black "Webb,M"]
[Result "1/2-1/2"]
[WhiteElo "2051"]
[BlackElo "2088"]

1.e4 g6 2.d4 Bg7 3.Nc3 d6 4.Nf3 a6 5.Be2 b5 6.O-O Nd7 7.Re1 Bb7 8.Bf1 c5
9.Bg5 cxd4 10.Nxd4 Ngf6 11.a4 b4 12.Nd5 O-O 13.Bc4 e6 14.Nxf6+ Nxf6 15.Bxe6 fxe6
16.Nxe6 Qe7 17.Nxf8 Qxf8 18.f3 Nd7 19.Qd3 d5 20.exd5 Qc5+ 21.Be3 Qxd5 22.Qxd5+ Bxd5
23.Rad1 Bc6 24.Bd4 Bf8 25.b3 Kf7 26.Re2 Nc5 27.Bf2 Rc8 28.Bg3 Nb7 29.Bf4 Re8
30.Rxe8 Kxe8 31.Be5 Bc5+ 32.Kf1 Ke7 33.Bd4 Bd6 34.Re1+ Kf7 35.Kf2 Nd8 36.g3 Ne6
37.Be3 Ke7 38.Rd1 Nc7 39.Bg5+ Ke6 40.Re1+ Kd7 41.Be3 Bd5 42.Rd1 Kc6 43.Rd2 Ne6
44.Ke2 Be5 45.Rd1 Bf6 46.Kf2 Bg5 47.Bxg5 Nxg5 48.Rd3 Kc5 49.f4 Ne4+ 50.Ke3 h5
51.Rd4 Nd6 52.Rd2 a5 53.Rd3 Nf5+ 54.Kf2 Be4 55.Rd8 Nd6 56.Rd7 Kc6 57.Ra7 Bxc2
58.Ra6+ Kc7 59.Rxa5 Bxb3 60.Ke1 Kb6 61.Ra8 Bd5 62.Rb8+ Nb7 63.Kd2 Be4 64.Kc1 Ka7
65.Re8 Bf5 66.Kb2 Nc5 67.Re5 Nd3+ 68.Kb3 Nxe5 69.fxe5 Kb6 70.Kxb4 Be6 71.a5+ Ka6
72.Kc5 Kxa5 73.Kd6 Bb3 74.Ke7 Kb6 75.Kf6 Kc6 76.Kxg6 Bd1 77.Kf7 Bb3+ 78.Kf6 Kd7
79.h3 Be6 80.Kg5 Bxh3  1/2-1/2

[Event "e2e4 Sunningdale Open"]
[Site "Ascot ENG"]
[Date "2011.05.30"]
[Round "7"]
[White "Webb,M"]
[Black "Pleasants,A"]
[Result "0-1"]
[WhiteElo "2088"]
[BlackElo "2066"]

1.e4 g6 2.d4 Bg7 3.Nc3 d6 4.f4 e6 5.Nf3 Ne7 6.Bd3 a6 7.O-O Nbc6 8.Be3 f5
9.e5 b5 10.a4 b4 11.Na2 Nd5 12.Qe2 Bh6 13.Ne1 Bb7 14.c4 Nxe3 15.Qxe3 dxe5
16.dxe5 Qe7 17.Nf3 Rd8 18.Rad1 O-O 19.Nc1 Na5 20.Be2 Be4 21.Rxd8 Rxd8 22.Nd2 Bc2
23.Bf3 g5 24.g3 g4 25.Bg2 Bxa4 26.Ne2 Qd7 27.Ra1 Bf8 28.Kf1 Qxd2 29.Qxd2 Rxd2
30.Rxa4 Rd1+ 31.Kf2 Bc5+ 32.Nd4 Nxc4  0-1

[Event "3rd Orissa Open"]
[Site "Bhubaneswar IND"]
[Date "2011.05.30"]
[Round "4"]
[White "Grover,S"]
[Black "Soni,Kr"]
[Result "1-0"]
[WhiteElo "2485"]
[BlackElo "2145"]

1.e4 g6 2.d4 Bg7 3.Nc3 d6 4.f4 f5 5.Nf3 fxe4 6.Nxe4 Nf6 7.Bd3 Nxe4 8.Bxe4 Nd7
9.Qe2 c6 10.Bd2 Nf6 11.Bd3 Bf5 12.O-O Bxd3 13.Qxd3 Qd7 14.Ng5 Qf5 15.Qb3 Nd7
16.Ne6 Kf7 17.Nc7+ d5 18.Nxa8 Bxd4+ 19.Kh1 Rxa8 20.Rae1 Nc5 21.Qb4 Qf6 22.c3 Bf2
23.Rxf2 Nd3 24.Qxb7 Nxf2+ 25.Kg1 Ne4 26.Rxe4 dxe4 27.Qxa8 Qd6 28.Be3 Qd1+
29.Kf2 Qc2+ 30.Kg3 Qxb2 31.Qxc6 Qxa2 32.Qxe4 Qb3 33.Qe5 a6 34.Bd4 Qc4 35.h3 Qd3+
36.Kh2 h5 37.Bc5 Qd7 38.Bd4 Qc6 39.f5 Ke8 40.Bc5  1-0

[Event "3rd Orissa Open"]
[Site "Bhubaneswar IND"]
[Date "2011.06.01"]
[Round "6"]
[White "Udeshi,A"]
[Black "Petrosian,TL"]
[Result "0-1"]
[WhiteElo "2362"]
[BlackElo "2634"]

1.e4 d6 2.d4 g6 3.Nc3 Bg7 4.Be3 c6 5.Qd2 b5 6.f4 Nf6 7.e5 b4 8.Nd1 Nd5 9.Nf3 O-O
10.h4 h5 11.Bd3 Bg4 12.Be4 Qc8 13.Nf2 Bf5 14.Bxd5 cxd5 15.Qxb4 Nc6 16.Qd2 Rb8
17.c3 Qa6 18.b4 Rfc8 19.a4 Nd8 20.Ra3 Qc4 21.Qb2 Ne6 22.Nd2 Qa6 23.b5 Bh6
24.Qb4 Qb6 25.c4 Nxd4 26.Kf1 dxe5 27.Qxe7 dxc4 28.Qxe5 Bg7 29.Bxd4 Qxd4 30.Qxd4 Bxd4
31.Nde4 c3 32.Ke2 c2 33.Kd2 Bb2  0-1

[Event "TCh-FRA Top 12 2011"]
[Site "Mulhouse FRA"]
[Date "2011.06.01"]
[Round "7"]
[White "Genzling,A"]
[Black "Shoker,S"]
[Result "0-1"]
[WhiteElo "2395"]
[BlackElo "2466"]

1.e4 d6 2.d4 g6 3.Nc3 Bg7 4.f4 a6 5.Nf3 Nd7 6.e5 Nh6 7.Ne4 O-O 8.Be2 c5 9.exd6 exd6
10.Nxd6 cxd4 11.Nxc8 Rxc8 12.O-O Qb6 13.Kh1 Rfe8 14.a4 Qc7 15.Ne1 Nb6 16.Ra3 Nc4
17.Rb3 Nf5 18.Bxc4 Qxc4 19.Qd3 Ne3 20.Bxe3 dxe3 21.Qxc4 Rxc4 22.Rf3 Bd4 23.c3 Bc5
24.Rxb7 Rxa4 25.f5 Ra1  0-1

[Event "XX Guillermo Garcia Mem Talents"]
[Site "Santa Clara CUB"]
[Date "2011.06.01"]
[Round "11.2"]
[White "Gonzalez Grave De Peralta,Raul"]
[Black "Moreno del Pozo,O"]
[Result "0-1"]
[WhiteElo "2069"]
[BlackElo "2147"]

1.e4 d6 2.d4 g6 3.Nc3 Bg7 4.Be3 Nd7 5.Nf3 c6 6.h4 h5 7.Bd3 Nh6 8.Ng5 b5 9.f4 Ng4
10.Bg1 Qa5 11.e5 Nb6 12.e6 f5 13.Qf3 d5 14.Kf1 Nc4 15.Bxc4 bxc4 16.Nd1 Rb8
17.Rh3 Qd2 18.c3 O-O 19.Be3 Qc2 20.Qe2 Qa4 21.Nf2 Qb5 22.Bc1 c5 23.dxc5 d4
24.cxd4 Bxd4 25.Nd1 Ba6 26.Nc3 Qxc5 27.Nf3 Bg7 28.Nh2 Rbd8 29.Nxg4 fxg4 30.Ne4 Qc6
31.Nc3  0-1

[Event "3rd Orissa Open"]
[Site "Bhubaneswar IND"]
[Date "2011.06.02"]
[Round "7"]
[White "Hossain,Enam"]
[Black "Mchedlishvili,M"]
[Result "0-1"]
[WhiteElo "2478"]
[BlackElo "2629"]

1.e4 d6 2.d4 g6 3.Nc3 Bg7 4.Be3 a6 5.Nf3 b5 6.Bd3 Bb7 7.e5 dxe5 8.dxe5 e6
9.Qe2 Nd7 10.O-O-O Ne7 11.Bg5 Qb8 12.Be4 c6 13.Bxe7 Kxe7 14.Qd2 Rd8 15.Qg5+ Ke8
16.Qh4 h6 17.Bxg6 fxg6 18.Qg4 Nxe5 19.Qxe6+ Kf8 20.Rxd8+ Qxd8 21.Nxe5 Qg5+
22.f4 Qxf4+ 23.Kb1 Bxe5 24.Re1 Re8 25.Qxg6 Qf6 26.Qh5 c5 27.a3 Re7 28.Qd1 Kg7
29.Rf1 Qd6 30.Qh5 Qg6 31.Qh4 Bf6 32.Qf2 b4  0-1

[Event "Nis Open 2011"]
[Site "Nis SRB"]
[Date "2011.06.02"]
[Round "9.11"]
[White "Todorovic,Nenad I"]
[Black "Lukic,I"]
[Result "0-1"]
[WhiteElo "1852"]
[BlackElo "2136"]

1.e4 g6 2.d4 d6 3.Nc3 Bg7 4.Nf3 e5 5.Bc4 exd4 6.Nxd4 Nc6 7.Nxc6 bxc6 8.Bf4 Rb8
9.Bb3 Nf6 10.Qd2 O-O 11.O-O-O Nd7 12.Bh6 Nc5 13.Bxg7 Kxg7 14.Rhe1 Qe7 15.Qd4+ f6
16.f4 Bg4 17.Rd2 Be6 18.e5 fxe5 19.fxe5 d5 20.Kb1 a5 21.Qe3 Rb4 22.Rd4 Rfb8
23.Rxb4 Rxb4 24.a3 d4 25.Qf2 Rxb3 26.cxb3 Bf5+ 27.Ka2 Nd3 28.Qxd4 Nxe1 29.e6+ Kg8
30.Ne4 Bxe6 31.Nf6+ Kf7 32.Nxh7 Bd5 33.h4 Nxg2 34.Qh8 Nxh4  0-1

[Event "IV Sudety Open"]
[Site "Szklarska Poreba POL"]
[Date "2011.06.02"]
[Round "6"]
[White "Dmochowska,A"]
[Black "Lada,I"]
[Result "0-1"]
[WhiteElo "1710"]
[BlackElo "2058"]

1.e4 g6 2.d4 d6 3.Nc3 Bg7 4.Be3 a6 5.Qd2 b5 6.h4 h5 7.f3 Bb7 8.Nh3 Nc6 9.Nf2 e5
10.d5 Nb8 11.g4 Nd7 12.O-O-O hxg4 13.fxg4 Rxh4 14.Rxh4 Qxh4 15.Bg5 Qxg5 16.Qxg5 Bh6
17.Qxh6 Nxh6 18.g5 Ng8 19.Ng4 Kf8 20.Bh3 Kg7 21.Rf1 Rf8 22.Kd2 Bc8 23.b4 Nb6
24.Nf2 Nc4+ 25.Kd3 Bxh3 26.Nxh3 Ne7 27.Rh1 Rh8 28.Nd1 c6 29.dxc6 Nxc6 30.c3 Nd8
31.Ndf2 Ne6 32.Ke2 Rh5 33.Rg1 Rh4 34.Rg4 Rh8 35.Rg1 Kf8 36.Rg4 Ke7 37.Rg1 a5
38.bxa5 Ra8 39.Nd3 Nc5 40.Nhf2 Rxa5 41.Nb4 Ra3 42.Rg3 Nb6 43.Rf3 Na6 44.Nfd3 Nxb4
45.Nxb4 Kf8 46.Rd3 Nc4 47.Rf3 Kg7 48.Ke1 Ra8 49.Kf2 Rh8 50.Kg3 Nd2 51.Re3 Nf1+
52.Kf2 Nxe3 53.Kxe3 Rh3+ 54.Kd2 Rg3 55.Kc2 Rxg5 56.c4 bxc4 57.a4 Rg2+ 58.Kc3 Rg3+
59.Kxc4 Ra3 60.Kb5 g5 61.a5 g4  0-1

[Event "Haspa-Schachpokal 2011 GpA"]
[Site "Bargteheide GER"]
[Date "2011.06.03"]
[Round "3.6"]
[White "Heinemann,E"]
[Black "Lindinger,M"]
[Result "1/2-1/2"]
[WhiteElo "2194"]
[BlackElo "2303"]

1.e4 d6 2.Nc3 g6 3.d4 Bg7 4.Be3 a6 5.Qd2 b5 6.f3 Nd7 7.Nh3 c5 8.Nf2 Qa5 9.Be2 cxd4
10.Bxd4 Bxd4 11.Qxd4 Ngf6 12.Ng4 O-O 13.Nxf6+ Nxf6 14.O-O Be6 15.a3 Rfc8
16.f4 Rab8 17.e5 Ne8 18.Bd3 dxe5 19.Qxe5 Qb6+ 20.Kh1 Rc5 21.Qe2 Nd6 22.Rae1 Re8  1/2-1/2

[Event "TCh-SLO"]
[Site "Maribor SLO"]
[Date "2011.06.03"]
[Round "4"]
[White "Borisek,J"]
[Black "Soln,P"]
[Result "1-0"]
[WhiteElo "2540"]
[BlackElo "2395"]

1.e4 g6 2.d4 Bg7 3.Nc3 d6 4.Be3 a6 5.f4 b5 6.Nf3 b4 7.Na4 Nf6 8.Bd3 Bb7 9.Nd2 O-O
10.c4 bxc3 11.bxc3 Qd7 12.h3 Bc6 13.Bc2 e6 14.O-O Qe7 15.c4 Nbd7 16.Nc3 Rab8
17.Rc1 Ba8 18.Nb3 Nb6 19.Bd3 d5 20.cxd5 exd5 21.e5 Nc4 22.Qe1 Nxe3 23.Qxe3 Nd7
24.Bxa6 Rb4 25.Ne2 c5 26.dxc5 f6 27.Qd2 Rxb3 28.axb3 Nxc5 29.Qb4 Qa7 30.Qxc5 Qxa6
31.Nd4 fxe5 32.fxe5 Re8 33.Qc7 Qb7 34.Qxb7 Bxb7 35.Nf3 d4 36.Nxd4 Bxe5 37.Nc6 Bg3
38.b4 h5 39.b5 Re2 40.Rfd1 Bf4 41.Kf1 Re8 42.Rc4 Bg5 43.h4 Bf6 44.Rd6 Rf8
45.Rf4  1-0

[Event "IV Sudety Open"]
[Site "Szklarska Poreba POL"]
[Date "2011.06.03"]
[Round "8"]
[White "Ufimtsev,E"]
[Black "Adaszewski,P"]
[Result "1-0"]
[WhiteElo "1863"]
[BlackElo "1706"]

1.e4 g6 2.d4 Bg7 3.Nc3 d6 4.Be3 Nf6 5.Qd2 c6 6.f3 b5 7.g4 h5 8.g5 Nfd7 9.f4 a5
10.f5 Nb6 11.fxg6 fxg6 12.Nf3 Be6 13.d5 Bf7 14.dxc6 b4 15.Nd5 Nxd5 16.exd5 Bxb2
17.Bd4 Bxa1 18.Bxa1 Rg8 19.Bh3 Na6 20.Bd7+ Kf8 21.Nd4 Nc5 22.Ne6+ Bxe6 23.dxe6 Nxd7
24.exd7 Rg7 25.Qd4 Rh7 26.Rf1+ Kg8 27.Rf7 Rxf7 28.Qh8+  1-0

[Event "Haspa-Schachpokal 2011 GpA"]
[Site "Bargteheide GER"]
[Date "2011.06.05"]
[Round "7.3"]
[White "Petrosian,S"]
[Black "Schatz,W"]
[Result "0-1"]
[WhiteElo "2392"]
[BlackElo "2261"]

1.e4 g6 2.d4 Bg7 3.Nc3 d6 4.Nf3 Nf6 5.Be2 O-O 6.O-O e6 7.Re1 Nc6 8.d5 Ne7
9.dxe6 Bxe6 10.Nd4 Bd7 11.h3 Nc6 12.Bf1 Nxd4 13.Qxd4 Re8 14.Qd3 Bc6 15.f3 d5
16.e5 Nd7 17.f4 f6 18.Nxd5 Nc5 19.Nxf6+ Bxf6 20.Qc4+ Qd5 21.Be3 Be7 22.Rad1 Qxc4
23.Bxc4+ Kg7 24.b4 Na4 25.b5 Be4 26.Rd7 Bf5 27.Rxc7 Rac8 28.Rxc8 Rxc8 29.Bd5 b6
30.c4 h5 31.Kf2 Nb2 32.Kf3 h4 33.a4 Nxc4 34.Rc1 Nxe3 35.Rxc8 Bxc8 36.Kxe3 Bc5+
37.Kf3 Bf5 38.Bb3 Bb4 39.g3 hxg3 40.Kxg3 Be1+ 41.Kf3 Bxh3 42.Ke4 Bg2+ 43.Ke3 Bb4
44.Bc2 Bc5+ 45.Ke2 Bh3 46.Kf3 Bf5 47.Bb3 Bd3 48.Bd1 Kh6 49.Bb3 Bf5 50.Bd1 g5
51.Bb3 g4+ 52.Kg3 Bb4 53.Bd5 Be1+ 54.Kg2 Kh5 55.e6 Bh4  0-1

[Event "TCh-BIH 2011"]
[Site "Neum BIH"]
[Date "2011.06.08"]
[Round "5.4"]
[White "Lalic,N"]
[Black "Nurkic,S"]
[Result "1/2-1/2"]
[WhiteElo "2385"]
[BlackElo "2411"]

1.e4 g6 2.d4 Bg7 3.Nc3 d6 4.Be3 Nf6 5.h3 O-O 6.Qd2 e5 7.Nf3 Nc6 8.O-O-O exd4
9.Nxd4 Nxd4 10.Bxd4 Be6 11.h4 c5 12.Be3 Ng4 13.Nd5 Bxd5 14.Qxd5 Qf6 15.c3 Nxf2
16.Bxf2 Qxf2 17.h5 b5 18.hxg6 hxg6 19.Rh3 Qf4+ 20.Kb1 Rae8 21.Bxb5 Re5 22.Qd3 Qxe4
23.Qxe4 Rxe4 24.Rxd6 Rb8 25.a4 Rg4  1/2-1/2

[Event "TCh-SLO"]
[Site "Lasko SLO"]
[Date "2011.06.10"]
[Round "7"]
[White "Kavcic,Z"]
[Black "Gorsek,G"]
[Result "1-0"]
[WhiteElo "2291"]
[BlackElo "2136"]

1.e4 g6 2.d4 Bg7 3.Nc3 d6 4.f4 Nf6 5.Nf3 O-O 6.Be3 c6 7.Qd2 b5 8.Bd3 Nbd7
9.e5 Ng4 10.Bg1 Nb6 11.O-O-O d5 12.h3 Nh6 13.g4 Nc4 14.Bxc4 bxc4 15.f5 Kh8
16.Be3 Ng8 17.fxg6 fxg6 18.Rhf1 h6 19.Na4 Rb8 20.Nc5 e6 21.c3 Qe8 22.Kb1 Rf7
23.Rf2 Rf8 24.Rdf1 Bxe5 25.dxe5 Kg7 26.h4 Rb7 27.h5 gxh5 28.gxh5 Rf5 29.Rg1+ Kh7
30.Nh4 Rxh5 31.Qc2+ Rf5 32.Nxf5 exf5 33.Rxf5 Kh8 34.e6  1-0

[Event "Zonal 3.4 Men"]
[Site "Tashkent UZB"]
[Date "2011.06.10"]
[Round "3.5"]
[White "Kvon,A"]
[Black "Temirov,B"]
[Result "1-0"]
[WhiteElo "2459"]
[BlackElo "2320"]

1.e4 d6 2.d4 g6 3.Nc3 Bg7 4.Be3 Nd7 5.Qd2 c5 6.O-O-O cxd4 7.Bxd4 Ngf6 8.f3 a6
9.h4 h5 10.Nh3 b5 11.Ng5 Bb7 12.Bd3 Nb6 13.Qf2 Nbd7 14.Kb1 e5 15.Be3 Qe7
16.Be2 O-O 17.g4 Rfc8 18.Nd5 Nxd5 19.exd5 Nf6 20.Ne4 Nxd5 21.Bg5 f6 22.Bd2 f5
23.gxf5 gxf5 24.Ng3 Qf7 25.Bd3 Ne7 26.Bg5 f4 27.Ne4 Nf5 28.Nf6+ Bxf6 29.Bxf5 Rd8
30.Rhg1  1-0

[Event "35th Open"]
[Site "Fourmies FRA"]
[Date "2011.06.11"]
[Round "2.17"]
[White "Strugnell,C"]
[Black "Dubocage,C"]
[Result "1-0"]
[WhiteElo "2275"]
[BlackElo "1967"]

1.e4 g6 2.d4 Bg7 3.Nc3 d6 4.f4 Nf6 5.Nf3 c5 6.Bb5+ Bd7 7.Bxd7+ Nbxd7 8.e5 Ng8
9.Ne4 d5 10.Nxc5 Nxc5 11.dxc5 Qa5+ 12.c3 Qxc5 13.Nd4 a6 14.Be3 Qc4 15.Qb3 Qxb3
16.axb3 e6 17.Nb5 Kd7 18.Nd6 Nh6 19.Nxb7 Nf5 20.Ke2 Rhb8 21.Nc5+ Kc6 22.Nxa6 Rxb3
23.Nb4+ Rxb4 24.cxb4  1-0

[Event "35th Open"]
[Site "Fourmies FRA"]
[Date "2011.06.11"]
[Round "2.10"]
[White "Barbaut,M"]
[Black "Haub,TM"]
[Result "1/2-1/2"]
[WhiteElo "2029"]
[BlackElo "2459"]

1.e4 g6 2.d4 Bg7 3.Nc3 d6 4.Bg5 a6 5.Nf3 h6 6.Bh4 Nc6 7.h3 Nf6 8.e5 Nh7 9.e6 fxe6
10.Qd3 Nf8 11.O-O-O Qd7 12.Bg3 g5 13.Be2 b6 14.Qe4 Bb7 15.Ne5 Nxe5 16.Bh5+ Kd8
17.Qxb7 Qc6 18.Bf3 d5 19.Qxc6 Nxc6 20.Rhe1 Kd7 21.Ne2 h5 22.c4 Rd8 23.cxd5 exd5
24.Bxd5 e6 25.Bf3 Ne7 26.Be5 Rh7 27.Bxg7 Rxg7 28.Bxh5 Nh7 29.Bf3 Nf6 30.Nc3 c6
31.Ne4 Nfd5 32.Bg4 Rg6 33.Bh5 Rh6 34.Bg4 Rg8 35.g3 Nf5 36.Nc3 Nde7 37.Re4 Rf8
38.Re2 Kc7 39.Ne4 Rg6 40.Bh5 Rg7 41.Nc3 Rf6 42.a3 Rh6 43.Bg4 Rg8 44.Na2 Rd8
45.Red2 Nd5 46.Nc3 Nf6 47.Bxf5 exf5 48.d5 Rxh3 49.dxc6 Rxd2 50.Rxd2 Kxc6
51.Re2 Kd6 52.Na4 Nd5 53.Rd2 Rh1+ 54.Kc2 Kc6 55.Nc3 Nc7 56.Re2 Rf1 57.Kd2 Kd6
58.Nd1 Ne6 59.Ne3  1/2-1/2

[Event "Zonal 3.4 Men"]
[Site "Tashkent UZB"]
[Date "2011.06.11"]
[Round "4.4"]
[White "Alikulov,Elbek"]
[Black "Dzhumaev,M"]
[Result "1-0"]
[WhiteElo "2265"]
[BlackElo "2489"]

1.e4 g6 2.d4 Bg7 3.Nc3 d6 4.f4 Nc6 5.Nf3 Bg4 6.Be3 Bxf3 7.gxf3 e6 8.Qd2 Nf6
9.O-O-O O-O 10.h4 d5 11.Kb1 Nh5 12.Ne2 f5 13.e5 b6 14.Bh3 Na5 15.b3 c5 16.Bg4 fxg4
17.fxg4 cxd4 18.Bxd4 Nxf4 19.Nxf4 Qe7 20.Bb2 Rad8 21.Nd3 Nc4 22.bxc4 dxc4
23.Qb4 Qc7 24.Nc1 Qc6 25.a4 Rd5 26.Rxd5 Qxd5 27.Re1 Rf4 28.Qd6 Qxd6 29.exd6 Bxb2
30.Kxb2 Kf7 31.Rd1 Ke8 32.d7+ Kd8 33.Na2 a5 34.Nc3 g5 35.hxg5 Rxg4 36.Nb5 Rxg5
37.Nc7 c3+ 38.Kb3  1-0

[Event "28th BSG Pinkstertoernooi"]
[Site "Bussum NED"]
[Date "2011.06.12"]
[Round "4.1"]
[White "Nijboer,F"]
[Black "Ootes,La"]
[Result "1-0"]
[WhiteElo "2538"]
[BlackElo "2358"]

1.e4 d6 2.d4 g6 3.Nc3 Bg7 4.Be3 a6 5.f4 b5 6.Nf3 Bb7 7.Bd3 Nd7 8.Qe2 c5 9.dxc5 Nxc5
10.Bxc5 Bxc3+ 11.bxc3 dxc5 12.c4 b4 13.O-O Qc7 14.Nd2 e5 15.fxe5 Qxe5 16.Qf2 f6
17.Nb3 a5 18.Nxc5 Bc6 19.Nb3 Kf7 20.Nd4 Ne7 21.Nf3 Qh5 22.Rae1 Kg7 23.e5 f5
24.Qc5 Rhe8 25.Nd4 Rac8 26.Qd6 Qh4 27.g3 Qh3 28.Rf2 Ba8 29.Qf6+ Kg8 30.Ne6 Qh6
31.Rf4  1-0

[Event "1st Forni Open"]
[Site "Forni di Sopra ITA"]
[Date "2011.06.12"]
[Round "1"]
[White "Jaracz,B"]
[Black "Gurevich,M"]
[Result "0-1"]
[WhiteElo "2275"]
[BlackElo "2617"]

1.e4 d6 2.d4 g6 3.Nc3 Bg7 4.Nf3 Nf6 5.Bc4 O-O 6.Qe2 Bg4 7.e5 dxe5 8.dxe5 Nfd7
9.e6 Ne5 10.exf7+ Kh8 11.Bd5 Nbc6 12.Be3 e6 13.Bxc6 bxc6 14.h3 Nxf3+ 15.gxf3 Bh5
16.Ne4 Rxf7 17.Ng5 Rf6 18.Rd1 Qe7 19.Bd4 Rf5 20.Bxg7+ Kxg7 21.h4 h6 22.Nxe6+ Kf7
23.Rd3 Qxe6  0-1